| 000 | 00353nam a2200145Ia 4500 | ||
|---|---|---|---|
| 008 | 230917s9999||||xx |||||||||||||| ||und|| | ||
| 040 |
_e150957 _aMAIN |
||
| 041 | _aEnglish | ||
| 082 | _aB J334C:L | ||
| 100 | _aChawla, Jagdish | ||
| 245 | 0 | _aLok Nayak Jaiprakash Narayan | |
| 260 |
_aDelhi _bMacmillan India _c1974 |
||
| 300 | _a279 p. | ||
| 942 | _cBK | ||
| 999 |
_c134128 _d134128 |
||